Countries and World Capitals Starting With D - One Minute Sprint - Statistics

General Stats
  • This quiz has been taken 40 times
  • The average score is 9 of 13
Answer Stats
country/capital % Correct
Djibouti
92%
Djibouti
92%
Denmark
90%
Dominica
77%
Dominican Republic
74%
Dakar
64%
Dhaka
64%
Dublin
62%
Dushanbe
59%
Dodoma
56%
Damascus
51%
Doha
51%
Dili
46%
No matching quizzes found
Score Distribution
Percent of People with Each Score
Percentile by Number Answered
Your Score History
You have not taken this quiz